Loading...
| LEADER | 00426nam a2200133 4500 | ||
|---|---|---|---|
| 082 | |a 005.276 | ||
| 100 | |a Standefer, Rob | ||
| 245 | |a Asp.net : Programming In 21/2 Days |c Rob Standefer |h [Text] | ||
| 260 | |b Idgbooks |c 2001 | ||
| 300 | |a Paper back | ||
| 650 | 0 | |a ASP.NET | |
| 942 | |c BK | ||
| 999 | |c 83220 |d 83220 | ||
| 952 | |0 0 |1 0 |4 0 |6 005_276000000000000 |7 0 |9 75464 |a SOCS |b SOCS |d 2015-06-11 |g 129.00 |l 0 |o 005.276 |p SOCS2562 |r 2015-06-11 |w 2015-06-11 |y BK | ||